000 00565nam a22001937a 4500
005 20141204145124.0
010 _aENG-111144
020 _c350.00
_a9789382420439
035 _aEN-94676
037 _bDBAD/PUB
082 _a563.1092
100 _aPalit, Chittabrata
245 _aUltimate Tagore /
_cby Chittabrata Palit
260 _aNew Delhi
_bKunal Books
_c2014
270 _bNew Delhi
_e110002
_a4648/21, First Floor, Ansari Road, Daryaganj
300 _aix,81p.
_c23cm(Hb)
500 _aIncludes index
942 _2ddc
_cEN
_mPAL
_h863.1092
999 _c89846
_d89846